Vasatidens samhälle : en vägledning till arkiven 1520-1620 i Riksarkivet /

Saved in:
Bibliographic Details
Main Author: Brunius, Jan, 1947-
Corporate Author: Sweden. Riksarkivet.
Format: Book
Language:Swedish
Published: [Stockholm] : Riksarkivet, [2010]
Series:Skrifter utgivna av Riksarkivet ; 32.
Subjects:
Tags: Add Tag
No Tags, Be the first to tag this record!
LEADER 01083nam a22003134a 4500
001 012772425-7
005 20110603192622.0
008 100706s2010 sw ab b f001 0 swe
010 |a  2010457964 
020 |a 9789188366863 (inb.) 
020 |a 9188366863 (inb.) 
035 0 |a ocn715279613 
040 |a DLC  |c DLC 
043 |a e-sw--- 
050 0 0 |a DL703  |b .B78 2010 
100 1 |a Brunius, Jan,  |d 1947- 
245 1 0 |a Vasatidens samhälle :  |b en vägledning till arkiven 1520-1620 i Riksarkivet /  |c Jan Brunius. 
260 |a [Stockholm] :  |b Riksarkivet,  |c [2010] 
300 |a 256 p. :  |b ill. (chiefly col.), maps ;  |c 25 cm. 
490 1 |a Skrifter utgivna av Riksarkivet,  |x 1402-4705 ;  |v nr 32 
500 |a "Arkivguide" 
504 |a Includes bibliographical references (p. 216-235) and index. 
610 1 0 |a Sweden.  |b Riksarkivet  |v Catalogs. 
651 0 |a Sweden  |x History  |y 1523-1654  |v Sources  |v Bibliography  |v Catalogs. 
650 0 |a Archives  |z Sweden  |v Catalogs. 
710 1 |a Sweden.  |b Riksarkivet. 
830 0 |a Skrifter utgivna av Riksarkivet ;  |v 32. 
988 |a 20110517 
906 |0 DLC